000 00196pam a2200097 a 4500
020 _c
041 _aeng
100 _aChakravarti.
245 _aPost Harvest Tech.
_hTextual Documents
930 _a7183
999 _c84094
_d84094